000 01428nam a22003977a 4500
003 CHAP
005 20220329140019.0
008 971013s1979 r 00010 d
010 _a45541
011 _a46513
035 _a50654
040 _cCHAP
090 _aFolleto 6683
100 0 0 _aThimm, Heinz-Ulrich.
_9112785
245 _aDevelopment projects in the Sudan; an analysis of their rereports with implications for research and training in arid land management
260 _aTikyo :
_bThe United Nations University,
_c1979
300 _a59 p.
_b: mapas
490 _aNRTS, 1/UNUP
_v; 42
590 _aBATCH-UPD
_b10
_c20130110
_lUCH01
_h0153
590 _aBATCH-UPD
_b10
_c20130110
_lUCH01
_h1651
590 _aBATCH-UPD
_b10
_c20130409
_lUCH01
_h2154
590 _aBATCH-UPD
_b10
_c20130410
_lUCH01
_h1040
590 _aBATCH-UPD
_b10
_c20130913
_lUCH01
_h2121
590 _aBATCH-UPD
_b10
_c20130914
_lUCH01
_h1842
590 _aCONVERSION
_b10
_c20130109
_lUCH01
_h1325
650 1 4 _aAgricultura
_xInnovaciones tecnológicas.
_91565
650 1 4 _aAgricultura
_xRegiones áridas.
_91781
650 1 4 _aAgricultura
_xSudán.
_91828
650 1 4 _aAgricultura
_xSudán.
_91828
650 1 4 _aRegiones áridas
_xAgricultura.
_995670
650 1 4 _aRegiones áridas
_xCondiciones rurales.
_995680
830 0 _aNRTS, 1/UNUP
_v; 42
_982094
901 _aBK
942 _cFOLL
949 _aFolleto 6683
_bBC
_cFOLL
_d-113753
_eTS1
_i50654
_si
999 _c45541
_d45541